00773cam a2200217 a 450000100100000000500170001000800410002704000240006808200150009210000360010724500610014326000430020430000280024750400280027565000210030365000320032465000320035691000340038895201180042299900150054000000907320241009115416.0790504s1971 mx a 000 0 spa  aDO-SdBNPcPCvAdDLC a800bC355d1 aCastro Alonso, Carlos A.92372110aDidáctica de la literatura /cCarlos A. Castro Alonso. aSalamanca, (España) :bAnaya,c1971. a782 p. :bil. ;c24 cm. aIncluye bibliografía. 0aLiteratura93439 4aLiteratura didactica923722 4aLiteratura educativa923723 aCatalogación por copia / LC 001052708MOaGRbGRcCTd2009-09-25iLF1l0o800 C355dp9073-10r2020-06-25w2020-06-25y2ZPréstamo interno c8837d8837